Architektur für Sport : Neue Konzepte, internationale Projekte für Sport und Freizeit /

Salvato in:
Dettagli Bibliografici
Altri autori: Stürzebecher, Peter (Redattore), Ulrich, Sigrid (Redattore)
Natura: Libro
Lingua:tedesco
Pubblicazione: Berlin : Bauwesen, 2001
Soggetti:
Tags: Aggiungi Tag
Nessun Tag, puoi essere il primo ad aggiungerne!!

MARC

LEADER 00000nam a22000003a 4500
001 stu128473
005 20150617225908.0
008 061023s2001------------------------ger-d
020 |a 3-345-00737-1 
040 |a STU  |b slo 
041 0 |a ger 
100 1 |a Stürzebecher, Peter  |4 edt 
245 1 |a Architektur für Sport :  |b Neue Konzepte, internationale Projekte für Sport und Freizeit /  |c edit.: Stürzebecher,Peter - Ulrich, Sigrid 
260 |a Berlin :  |b Bauwesen,  |c 2001 
300 |a 277 s 
650 7 |a športový štadión  |2 stusub 
650 7 |a šport  |2 stusub 
700 1 |a Ulrich, Sigrid  |4 edt 
996 |b 284AU03185  |c A*4875  |l AA8180  |s P  |a 0  |w stu128473_0001